| 000 | 01013nam a2200193 i 4500 | ||
|---|---|---|---|
| 001 | 41827 | ||
| 003 | ES-MaACL | ||
| 005 | 20231229063008.0 | ||
| 007 | t| | ||
| 008 | 030311m19361939sp ||||1| spa d | ||
| 100 | 1 |
_aCastán Tobeñas, José, _d1889-1969 _936392 |
|
| 245 | 1 | 0 |
_aDerecho civil español común y foral _b: obra ajustada al programa para las oposiciones a Notarías determinadas / _cJosé Castán Tobeñas. |
| 250 | _a4ª ed. rev. y puesta al día. | ||
| 260 |
_aMadrid : _bReus, _c1936-39. |
||
| 300 |
_a2 t. en 3 v. ; _c23 cm. |
||
| 505 | 8 | _aContiene: T. I: Parte 1ª. Norma jurídica y sus problemas. Personas. Bienes, propiedad y sus modificaciones. Parte 2ª. Modos de adquirir la propiedad. Donación. Sucesiones. -- T. II: Parte 1ª. Obligaciones y contratos en general. Contrato sobre bienes con ocasión de matrimonio. Parte 2ª. Contratos usuales. Obligaciones que se contraen sin convenio. Prelación de créditos prestatarios | |
| 852 |
_aES-MaACL _jA-5092-95 |
||
| 999 |
_c41827 _d41827 |
||